LEADER 03857oam 2200853I 450 001 9910790788803321 005 20230617030213.0 010 $a1-135-47171-1 010 $a0-415-80309-8 010 $a0-203-95852-7 010 $a1-135-47164-9 024 7 $a10.4324/9780203958520 035 $a(CKB)2550000001159617 035 $a(EBL)1542460 035 $a(OCoLC)862613648 035 $a(SSID)ssj0001041437 035 $a(PQKBManifestationID)12394103 035 $a(PQKBTitleCode)TC0001041437 035 $a(PQKBWorkID)11045268 035 $a(PQKB)10021332 035 $a(MiAaPQ)EBC1542460 035 $a(Au-PeEL)EBL1542460 035 $a(CaPaEBR)ebr10797586 035 $a(CaONFJC)MIL542821 035 $a(OCoLC)868977807 035 $a(FINmELB)ELB134965 035 $a(EXLCZ)992550000001159617 100 $a20180706d2005 uy 0 101 0 $aeng 135 $aur|n|---||||| 181 $ctxt 182 $cc 183 $acr 200 10$aSaracens and the making of English identity $ethe Auchinleck manuscript /$fSiobhain Bly Calkin 210 1$aNew York :$cRoutledge,$d2005. 215 $a1 online resource (313 p.) 225 1 $aStudies in medieval history and culture 225 0$aStudies in medieval history and culture 300 $aDescription based upon print version of record. 311 $a0-415-97241-8 311 $a1-306-11570-1 320 $aIncludes bibliographical references (pages 275-292) and index. 327 $aThe perils of proximity: Saracen knights, sameness, and differentiation -- Saracens and she-wolves: foreign consorts and group identity -- Monstrous intermingling and miraculous conversion: negotiating cultural borders in the King of Tars -- Saracens and English Christian identity in Seynt Katerine and Seynt Mergrete -- Saracens, Englishness, and productive violence in Of Arthour and Of Merlin. 330 $aThis book explores the ways in which discourses of religious, racial, and national identity blur and engage each other in the medieval West. Specifically, the book studies depictions of Muslims in England during the 1330s and argues that these depictions, although historically inaccurate, served to enhance and advance assertions of English national identity at this time. The book examines Saracen characters in a manuscript renowned for the variety of its texts, and discusses hagiographic legends, elaborations of chronicle entries, and popular romances about Charlemagne, Arthur, and various Eng 410 0$aStudies in Medieval History and Culture 606 $aEnglish literature$xIslamic influences 606 $aIslam and literature$zEngland$xHistory$yTo 1500 606 $aNational characteristics, English, in literature 606 $aRomances, English$xHistory and criticism 606 $aRomances, English$xManuscripts 606 $aManuscripts, Medieval$zEngland 606 $aManuscripts, English (Middle) 606 $aSaracens in literature 606 $aCrusades in literature 607 $aIslamic Empire$xForeign public opinion, English 607 $aIslamic Empire$xIn literature 615 0$aEnglish literature$xIslamic influences. 615 0$aIslam and literature$xHistory 615 0$aNational characteristics, English, in literature. 615 0$aRomances, English$xHistory and criticism. 615 0$aRomances, English$xManuscripts. 615 0$aManuscripts, Medieval 615 0$aManuscripts, English (Middle) 615 0$aSaracens in literature. 615 0$aCrusades in literature. 676 $a820.9/38297 700 $aCalkin$b Siobhain Bly$f1973-,$01532738 801 0$bMiAaPQ 801 1$bMiAaPQ 801 2$bMiAaPQ 906 $aBOOK 912 $a9910790788803321 996 $aSaracens and the making of English identity$93779208 997 $aUNINA LEADER 04248nam 2200661zu 450 001 9910416490403321 005 20250709200934.0 010 $a2-8218-2824-1 024 7 $a10.4000/books.igpde.973 035 $a(CKB)4340000000013115 035 $a(SSID)ssj0001387679 035 $a(PQKBManifestationID)12574255 035 $a(PQKBTitleCode)TC0001387679 035 $a(PQKBWorkID)11383532 035 $a(PQKB)10978039 035 $a(FrMaCLE)OB-igpde-973 035 $a(oapen)https://directory.doabooks.org/handle/20.500.12854/46504 035 $a(PPN)267965788 035 $a(FR-PaCSA)88920309 035 $a(FRCYB88920309)88920309 035 $a(oapen)doab46504 035 $a(EXLCZ)994340000000013115 100 $a20160829d2007 uy 101 0 $afre 135 $auu||||||m|||| 181 $ctxt 182 $cc 183 $acr 200 10$aEntre Glorification et Abandon: L'État et les Artisans en France, 1938-1970 210 $cInstitut de la gestion publique et du développement économique$d2007 210 31$a[Place of publication not identified]$cUnknown Publisher$d2007 215 $a1 online resource (534 p.) 300 $aBibliographic Level Mode of Issuance: Monograph 311 08$a2-11-094790-X 330 $aIl faut attendre l'entre-deux-guerres pour que l'artisanat soit reconnu par les pouvoirs publics comme une catégorie à part entière, avec l'instauration d'un statut fiscal et du crédit artisanal, avec la création des chambres des métiers et du registre des métiers. Dès lors les prémices d'une politique artisanale, qui prendra toute sa dimension dans les années 70, peuvent voir le jour. C'est l'analyse de l'influence de cette politique sur l'évolution de l'artisanat entre 1938 et 1970 qu'a choisi d'étudier Cédric Perrin. En 1938, l'artisanat est un secteur dynamique dont la croissance est fondée sur la mobilité sociale et géographique. Plus tard Vichy glorifie les artisans dans sa propagande mais cette période est avant tout un temps de pénuries, notamment de main d'oeuvre, de crédit et de matières premières. Après la Libération, l'artisanat vit une grave crise qui impose une modernisation. À l'écart des priorités économiques de la Nation, les artisans se sentent abandonnés : ils voient leurs impôts s'alourdir alors que le crédit se restreint. À partir de la fin des années 1950, l'État réintègre ce secteur dans sa politique économique avec une commission de l'artisanat au Commissariat général du Plan : l'assistance technique se développe, le crédit et la fiscalité artisanale sont réformés. Les progrès sont nets sans toutefois être à la hauteur des besoins. À travers le prisme de l'artisanat, Cédric Perrin apporte un éclairage nouveau sur l'histoire de l'industrialisation française ainsi que sur le rôle économique de l'État pendant et après la seconde guerre mondiale. « Au total, le livre conteste l'idée d'un déclin de l'artisanat et explique sa survie par son dynamisme interne plus que par l'aide (très relative au regard d'autres secteurs comme l'agriculture) qu'il a reçue de l'État. » Michel Lescure. It took until the interwar years for the French government to recognise the craft trades as a fully fledged professional category, with the introduction of a tax? 606 $aArtisanat$xAspect e?conomique$yFrance$z1945-1970 606 $aArtisans$yFrance$z1945-1970 606 $aPOLITICAL SCIENCE / Public Policy / Economic Policy$2bisacsh 606 $aHISTORY / Europe / France$2bisacsh 610 $aRévolution nationale 610 $arégime de Vichy 610 $amétiers 610 $ahistoire industrielle 610 $aVe République 610 $aartisanat 610 $a1938-1970 610 $aIVe République 615 4$aArtisanat$xAspect e?conomique 615 4$aArtisans 615 7$aPOLITICAL SCIENCE / Public Policy / Economic Policy 615 7$aHISTORY / Europe / France 700 $aPerrin$b Ce?dric$01239758 702 $aPerrin$b Cédric 801 0$bPQKB 906 $aBOOK 912 $a9910416490403321 996 $aEntre Glorification et Abandon: L'État et les Artisans en France, 1938-1970$92876319 997 $aUNINA